000 00659nam a2200241Ia 4500
003 OSt
005 20221007100505.0
006 a|||||r|||| 00| 0
007 ta
008 221006b |||||||| |||| 00| 0 eng d
024 _a4,504
037 _cTextual
040 _aLCO
_cLCO
_beng
041 _2eng
_aeng
082 _aV2:12, M0
100 _aSEBASTIAN V D
_9699169
245 0 _aIndian federalism
_b The legislative conflicts
260 _aTrivandrum
_bAcademy of legal Publications
_c1980
300 _a398
650 _aINDIAN FEDERALISM
_9701783
942 _hV2:12, M0
_cTEXL
999 _c1174067
_d1174067